书目信息 |
| 题名: |
恩格斯的青年时代
|
|
| 作者: | 乌尔利希 ;马欣 | |
| 分册: | ||
| 出版信息: |
|
|
| 页数: | 249 | |
| 开本: | 20cm | |
| 丛书名: | ||
| 单 册: | ||
| 中图分类: | A72 | |
| 科图分类: | ||
| 主题词: | 恩格斯--生平事迹 , 恩格斯--传记 | |
| 电子资源: | ||
| ISBN: | ||
| 000 | 00521nam0 2200193 450 | |
| 001 | 0735257515 | |
| 005 | 20070904094737.51 | |
| 010 | @d0.77 | |
| 100 | @a20070904d km y0chiy0120 ea | |
| 101 | 0 | @achi |
| 200 | 1 | @a恩格斯的青年时代@Aen ge si de qing nian shi dai@f乌尔利希@Fwu er li xi@g马欣@Gma xin |
| 215 | @a249@d20cm | |
| 606 | 0 | @a恩格斯@x生平事迹 |
| 606 | 0 | @a恩格斯@x传记 |
| 690 | @aA72@v3 | |
| 701 | 0 | @a乌尔利希@Awu er li xi |
| 702 | 0 | @a马欣@Ama xin |
| 801 | 0 | @aCN@bPFT@c20070904 |
| 905 | @a213230@dA72@ea2@f1 | |
| 恩格斯的青年时代/乌尔利希/马欣 |
| 249;20cm |
| ISBN :0.77 |
| ● |
| 相关链接 |
|
|
|
|
正题名:恩格斯的青年时代
索取号:A72/a2
 
预约/预借
| 序号 | 登录号 | 条形码 | 馆藏地/架位号 | 状态 | 备注 |
| 1 | 7500110 | 275001105 | 史法系资料室/ [索取号:A72/a2] | 在馆 |